Desempeño por competencias: evaluación de 360º

Saved in:
Bibliografiske detaljer
Hovedforfatter: Alles, Martha Alicia (autora)
Format: Bog
Sprog:spansk
Udgivet: Buenos Aires Granica 2010
Udgivelse:3a. ed
Fag:
Tags: Tilføj Tag
Ingen Tags, Vær først til at tagge denne postø!

MARC

LEADER 00000nam a2200000 a 4500
001 UCG2208
003 CL-VaPUC
008 100624e20100000AG |||||||||||||||||spa|d
020 |a 9789506415402 
082 0 4 |a 658.3125  |b ALL  |2 21 
100 |a Alles, Martha Alicia  |e autora  |9 254834 
245 1 0 |a Desempeño por competencias: evaluación de 360º 
250 |a 3a. ed 
300 |a 336 p 
942 |c BK 
945 |d 20100624 00:00:00  |a dcastane 
260 |a Buenos Aires  |b Granica  |c 2010 
650 7 |a CALIFICACIONES DEL PERSONAL  |2 CL-VaPUC  |9 334790 
650 7 |a EVALUACION DEL RENDIMIENTO  |2 CL-VaPUC  |9 334262 
650 7 |a EVALUACION DEL PERSONAL  |2 CL-VaPUC  |9 364739 
650 0 |a Administración del personal  |9 260442 
650 0 |a Recursos humanos   |9 228420 
583 |a last modification  |c 20170223 02:02:05  |k Rodrigo Vera 
999 |c 341437  |d 341435 
952 |0 0  |1 0  |4 0  |6 658_312500000000000_ALL_2010  |7 0  |8 A  |9 436944  |a BIBEDU  |b BIBEDU  |d 2019-11-22  |i 4690974  |o 658.3125 ALL 2010  |p 4690974  |r 2019-11-22  |w 2019-11-22  |y BK  |k PSI